Las dos cajas, Doña Berta y otros relatos /
保存先:
| 第一著者: | |
|---|---|
| その他の著者: | |
| フォーマット: | 電子媒体 eBook |
| 言語: | スペイン語 |
| 出版事項: |
Alicante :
Editorial Agua Clara S.L.,
noviembre 2007.
|
| 版: | aSegunda edición. |
| シリーズ: | Colección Aljibe nuevo ;
3. |
| 主題: | |
| オンライン・アクセス: | Digitalia Hispánica |
| タグ: |
タグ追加
タグなし, このレコードへの初めてのタグを付けませんか!
|
MARC
| LEADER | 00000cam a2200000Ia 4500 | ||
|---|---|---|---|
| 001 | DIGAGUA0403 | ||
| 003 | NyNyDIG | ||
| 006 | m o d | ||
| 007 | cr ||||||||||| | ||
| 008 | 161101t20072007sp a ob 000 1 spa d | ||
| 020 | |z 9788480181228 | ||
| 020 | |z 8480181222 | ||
| 035 | |a (OCoLC)888252125 | ||
| 040 | |a DGITA |b eng |e rda |e pn |c DGITA | ||
| 050 | 1 | 4 | |a PQ6503.A4 eBook |
| 100 | 1 | |a Alas, Leopoldo, |d 1852-1901, |e author. | |
| 245 | 1 | 4 | |a Las dos cajas, Doña Berta y otros relatos / |c Leopoldo Alas "Clarín" ; edición, introducción y notas de Miguel Ángel Lozano. |
| 250 | |a aSegunda edición. | ||
| 264 | 1 | |a Alicante : |b Editorial Agua Clara S.L., |c noviembre 2007. | |
| 264 | 4 | |c ©2007 | |
| 300 | |a 1 online resource (150 pages) : |b illustrations. | ||
| 336 | |a text |b txt |2 rdacontent | ||
| 337 | |a computer |b c |2 rdamedia | ||
| 338 | |a online resource |b cr |2 rdacarrier | ||
| 490 | 1 | |a Colección Aljibe nuevo ; |v 3 | |
| 504 | |a Includes bibliographical references (page 24). | ||
| 505 | 1 | |a Introducción -- Las dos cajas -- Doña Berta -- Cambio de luz -- El Quin -- El entierro de la sardina. | |
| 588 | 0 | |a Online resource; title from PDF title page (Digitalia, viewed October 30, 2016) | |
| 655 | 0 | |a Electronic books. | |
| 700 | 1 | |a Lozano, Miguel Angel, |e editor. | |
| 776 | 0 | 8 | |i Print version: |a Alas, Leopoldo, 1852-1901. |t Dos cajas, Doña Berta y otros relatos. |d Madrid : Editorial Agua Clara, 1997. |z 9788480181228 |
| 791 | 2 | |a Digitalia (Firm), |e distributor. | |
| 830 | 0 | |a Colección Aljibe nuevo ; |v 3. | |
| 793 | 0 | |g Digitalia eBook Collection: |a Editorial Aguaclara. | |
| 856 | 4 | 0 | |3 Digitalia Hispánica |u https://digitalia.unach.elogim.com/a/107/ |
| 910 | |a Premium Collection: 2007-2012 | ||